Math activities for child involvement
Gardado en:
| Main Authors: | , |
|---|---|
| Formato: | Libro |
| Idioma: | inglés |
| Publicado: |
Boston
Allyn and Bacon
1981
|
| Edición: | 3a. ed |
| Subjects: | |
| Tags: |
Engadir etiqueta
Sen Etiquetas, Sexa o primeiro en etiquetar este rexistro!
|
MARC
| LEADER | 00000nam a2200000 a 4500 | ||
|---|---|---|---|
| 001 | UCW1430 | ||
| 003 | CL-VaPUC | ||
| 008 | 920624e19810000US |||||||||||||||||eng|d | ||
| 082 | 0 | 4 | |a 510.7 |b SCH |2 21 |
| 100 | 0 | |a Schminke, Clarence W |e author |9 305383 | |
| 700 | 0 | |a Dumas, Enoch |e author |9 305384 | |
| 245 | 1 | 0 | |a Math activities for child involvement |
| 250 | |a 3a. ed | ||
| 300 | |a 336 p | ||
| 942 | |c BK | ||
| 945 | |d 19920624 00:00:00 | ||
| 260 | |a Boston |b Allyn and Bacon |c 1981 | ||
| 650 | 0 | |a Matemática |9 260235 | |
| 650 | 0 | |a Educación básica |9 224933 | |
| 583 | |a last modification |c 20140821 04:25:16 |k Rodrigo Vera | ||
| 999 | |c 216320 |d 216318 | ||
| 952 | |0 0 |1 0 |4 0 |6 510_700000000000000_SCH_1981 |7 0 |8 A |9 201930 |a BIBMAT |b BIBMAT |d 2019-11-14 |i 2691337 |o 510.7 SCH 1981 |p 2691337 |r 2025-01-07 |w 2019-11-14 |y BK |k MAT | ||